000 01169nam0a22002891 4500
001 rc\724218
005 20031121173000.6
010 _a5-88800-048-5
_97000
035 _a(NLR Aleph) 005967462
090 _a6908046
_c6908046
100 _a20031121d1997 u |0rusy50 ca
101 0 _arus
102 _aRU
105 _ay |||||||||
200 1 _aТесты по русскому языку
_e(Орфография и пунктуация)
_fА.К. Руденко, Н.В. Соколова
_gМоск. гос. ун-т им. М.В. Ломоносова. Учеб.-науч. центр довуз. образования
205 _a2-е изд., испр. и доп.
210 _aМ.
_cУНЦ ДО МГУ
_d1997
215 _a111 с.
_d20
225 1 _aВ помощь поступающим в вузы (гуманитарные дисциплины)
320 _aБиблиогр.: с. 110
700 1 _aРуденко
_bА. К.
_gАлла Константиновна
701 1 _aСоколова
_bН. В.
_gНадежда Васильевна
801 0 _aRU
_bNLR
_gpsbo
801 1 _aRU
_bELAR
_2rusmarc
852 _aNLR
_j97-3/8248
942 _cBOOK
980 _aNB